000 004550000a22001690004500
003 LK-CoMWRAF
008 230817t ||||| |||| 00| 0 eng d
040 _aLK-CoMWRAF
_dLK-CoMWRAF
_eLK-CoMWRAF
041 _aeng
082 _a280
_bWOM
245 _aWomen, law and status programme
_bPakistan January - December 1998
260 _aLahore
_bShirkat Gah
_c1999
300 _ap.p.v.
490 _aThird Progress report
650 _aWOMEN & LAW
942 _cBK
999 _c781
_d781